000 00287 a2200121 4500
999 _c322962
_d322962
001 87889
003 NUST
082 _a891.551 SAD
100 _aSheikh Saadi Sherazi
_99743
245 _aHakiat e Saadi
_hUrdu
260 _aLahore
_bJhan e Ilm o Adb
_c2010
300 _a288p
942 _aCAE NUST
_cBK
_k891.551 SAD
_2ddc